Timeline of Highest-Grossing Animated Film Movies - Statistics

General Stats
  • This quiz has been taken 233 times
  • The average score is 5 of 8
Answer Stats
Year of Record Record Gross Movie % Correct
1938 $8,500,000 Snow White and the Seven Dwarfs
92%
1994 $768,000,000 The Lion King
80%
2019 $1,656,556,149 The Lion King
80%
2014 $1,287,000,000 Frozen
74%
2010 $1,066,969,703 Toy Story 3
56%
1993 $418,200,000 Aladdin
54%
2003 $867,893,978 Finding Nemo
50%
2004 $919,838,758 Shrek 2
37%
No matching quizzes found
Score Distribution
Percent of People with Each Score
Percentile by Number Answered
Your Score History
You have not taken this quiz